| 000 | 00786nam a2200241Ia 4500 | ||
|---|---|---|---|
| 999 |
_c40214 _d40214 |
||
| 001 | 6821 | ||
| 003 | GE_BSU | ||
| 005 | 20221101112958.0 | ||
| 008 | 181216s2006ru xx |||||||||||||| ||rus|| | ||
| 020 | _a5 98111 063 5 | ||
| 040 | _cGE_BSU | ||
| 041 | _arus | ||
| 080 | _a651.5 ж-42 | ||
| 100 |
_aЖданов, А.А. _915685 |
||
| 245 |
_aДеловые письма и контракты на русском, английском, немецком языках / _c А.А. Жданов, И.Ф. Жданова. |
||
| 250 | _a2-е изд. | ||
| 260 | _c2006 | ||
| 264 |
_aМосква : _bФиломатис, _c2006. |
||
| 300 |
_a283 с:. _b 20 см. |
||
| 653 | _aДеловые письма. Контракты | ||
| 700 |
_aЖданова, И.Ф. _915686 |
||
| 942 |
_cBK _2udc |
||